| 000 | 00695cam a22002053a 4500 | ||
|---|---|---|---|
| 001 | 43877 | ||
| 003 | PGUSA | ||
| 005 | 20140828084011.0 | ||
| 008 | 131003s2013||||xxu|||||s|||||000 | eng d | ||
| 040 |
_aPGUSA _beng |
||
| 042 | _adc | ||
| 100 | 1 |
_aBethune, John Elliot Drinkwater, _d1801-1851 |
|
| 245 | 1 | 4 |
_aThe Life of Galileo Galilei, with Illustrations of the Advancement of Experimental Philosophy : _bLife of Kepler _h[electronic resource] / _cJohn Elliot Drinkwater Bethune |
| 260 |
_bProject Gutenberg, _c2013 |
||
| 506 | _aPublic domain in the USA. | ||
| 516 | _aElectronic text | ||
| 830 | 0 |
_aProject Gutenberg _v43877 |
|
| 856 | 4 | 0 | _uhttp://www.gutenberg.org/ebooks/43877 |
| 942 | _cEB | ||
| 999 |
_c273128 _d273128 |
||